Handbook of culturally responsive school mental health : advancing research, training, practice, and policy /

Bibliographic Details
Other Authors: Clauss-Ehlers, Caroline S., Serpell, Zewelanji Natashya, Weist, Mark D.
Format: Book
Language:English
Published: New York : Springer, [2013]
Subjects:

MARC

Tag First Indicator Second Indicator Subfields
LEADER 00000cam a22000003a 4500
001 in00002789721
005 20151203084311.0
008 120624s2013 nyu b 001 0 eng d
010 |a  2012947997 
016 7 |a 016196278  |2 Uk 
020 |a 9781461449478 
020 |a 1461449472 
035 |a (OCoLC)ocn796762626 
035 |a (OCoLC)796762626 
040 |a BTCTA  |b eng  |c BTCTA  |d UKMGB  |d OHX  |d YDXCP  |d BWX  |d LML  |d UtOrBLW 
049 |a TXAM 
072 7 |a LB  |2 lcco 
072 7 |a BF  |2 lcco 
090 |a LB1027.55  |b .H356 2013 
245 0 0 |a Handbook of culturally responsive school mental health :  |b advancing research, training, practice, and policy /  |c Caroline S. Clauss-Ehlers, Zewelanji N. Serpell, Mark D. Weist, editors. 
246 3 0 |a Culturally responsive school mental health 
264 1 |a New York :  |b Springer,  |c [2013] 
264 4 |c ©2013 
300 |a xxii, 268 pages ;  |c 27 cm. 
336 |a text  |b txt  |2 rdacontent 
337 |a unmediated  |b n  |2 rdamedia 
338 |a volume  |b nc  |2 rdacarrier 
504 |a Includes bibliographical references and index. 
650 0 |a School psychology  |v Handbooks, manuals, etc. 
650 0 |a Cultural psychiatry  |v Handbooks, manuals, etc. 
700 1 |a Clauss-Ehlers, Caroline S. 
700 1 |a Serpell, Zewelanji Natashya. 
700 1 |a Weist, Mark D. 
938 |a Baker and Taylor  |b BTCP  |n BK0011531019 
938 |a Otto Harrassowitz  |b HARR  |n har125024498 
938 |a YBP Library Services  |b YANK  |n 8831208 
938 |a Blackwell Book Service  |b BBUS  |n 8831208 
947 |a A14835908345 
945 |a PromptCat  |b 222007 
946 |a stk 
994 |a 92  |b TXA 
948 |a Cataloged  |b h  |c 2013/2/27  |d c  |e EGrant 
999 |a MARS 
999 f f |s ea7a7df9-2f71-3180-8510-9fa67ee981c6  |i 3c1dd4ce-a77d-3c38-8f37-3c90953c2e67  |t 0 
952 f f |p normal  |a Texas A&M University  |b College Station  |c Sterling C. Evans Library  |d Evans: Library Stacks  |t 0  |e LB1027.55 .H356 2013  |h Library of Congress classification  |i unmediated -- volume  |m A14835908345 
998 f f |a LB1027.55 .H356 2013  |t 0  |l Evans: Library Stacks